| 000 | 00496nam a2200169 i 4500 | ||
|---|---|---|---|
| 001 | 41208 | ||
| 003 | ES-MaACL | ||
| 005 | 20240508063028.0 | ||
| 007 | t| | ||
| 008 | 030310s1976 sp ||||1| spa d | ||
| 100 | 0 |
_aCarande, Bernardo Víctor, _d1932-2005 _934950 |
|
| 245 | 1 | 0 |
_aDon Manuel o la agricultura / _cBernardo Víctor Carande. |
| 260 |
_a[Barcelona] : _bDestino, _c[1976] |
||
| 300 |
_a282 p. ; _c19 cm. |
||
| 852 |
_aES-MaACL _jA-7672 _bR.96372 |
||
| 999 |
_c41208 _d41208 |
||